EVAL vocabulary 3 lava - Statistiques

Statistiques générales
  • Ce quiz a été pris 33 fois
    29 depuis la dernière actualisation
  • Le résultat moyen est 10 sur 10
Statistiques - réponses
Question Réponse % Correct
Avant, j'étais petit(e). Before, I was little.
100%
Finalement, nous rêvons ensemble. Finally, we are dreaming together.
100%
J'aime quelqu'un qui est adorable. I love someone that is lovely.
100%
J'essaie de faire de mon mieux chaque jour ! I try to do my best every day !
100%
Merci pour la visite de la maison ! Thank you for the visit of the house !
100%
Je crois toujours en mes rêves. I always believe in my dreams.
96%
Maintenant, j'ai une autre maison. Now, I have another home.
96%
Est-ce que je peux aller remplir ma bouteille d'eau s'il-te-plaît ? Can I go to fill my bottle of water please ?
92%
Je travaillerai jusqu'à ce que mon rêve devienne réalité. I will keep working until my dream comes true.
92%
Qu'est-ce que tu veux dire ? What do you mean ?
92%
Aucun quiz correspondant
Distribution des résultats
% des personnes avec chaque résultat
Percentile par nombre de réponses
Votre historique - résultats
Vous n’avez pas pris ce quiz depuis la dernière actualisation